01286nam a2200205 a 450000100100000000500170001000800410002702000180006804000250008608200160011110000340012724500720016126000700023330000310030350400270033450505620036159000260092395201140094999900170106300004847220201002061158.0190322s2015 dr a 000 0 spa d a9789945472561 aDO-SdBNPbspacBNPHU axxxxbS276c1 aSbriz Zeitun, Giuseppe97588310aCircuitos I :bprácticas de laboratorio /cGiuseppe Sbriz Zeitun. aSanto Domingo :bInstituto Tecnológico de Santo Domingo,c2015. aix, 79 p. :bil. ;c27 cm. aBibliografía : p. 790 aIntroducción --tIntroducción al laboratorio de circuitos I: seguridad en laboratorio, instrumentos y equipos --tResistores. Conexiones serie, en paralelo y mixtas --tCircuito eléctrico. Interruptores. Uso de reóstatos y potenciómetros divisor de voltaje --tLey de Ohm. Leyes de Kirchhoff (de voltaje y corriente) circuito abierto y cortocircuito --tPolaridad en circuitos. Resistivos. Fuentes de voltaje en serie --tCálculos de redes. Teoremas de superposición Thévenin y Norton --tCorriente alterna. Polaridad en corriente alterna -- aInventariado, 2019/LP 0010718PDaPDbPDcHDd2019-03-22iLF1l0oxxxx S276cp48472-10r2020-06-25w2020-06-25yLFPDZNo se presta c47960d47960